000 00284nam a22001217a 4500
008 181121b xxu||||| |||| 00| 0 eng d
041 _aeng
080 _a615
100 _a5
101 _aFAR
245 _aThe PDR Family Guide to prescription drugs
_cCassileth,B.R
942 _2udc
_cBK
999 _c52287
_d52287